LEADER 01233nam a22002771i 4500 001 991002967479707536 005 20040430154921.0 008 040624s1976 sz |||||||||||||||||ger 035 $ab13004736-39ule_inst 035 $aARCHE-096241$9ExL 040 $aDip.to Beni Culturali$bita$cA.t.i. Arché s.c.r.l. Pandora Sicilia s.r.l. 082 04$a738 100 1 $aSchmidt, Margot$0206582 245 15$aEine gruppe apulischer Grabvasen in Basel :$bstudien zu Gehalt und Form der unteritalischen Sepulkralkunst /$cMargot Schmidt, Arthur Dale Trendall, Alexander Cambitoglou 260 $aBasel :$bArchaologischer,$c1976 300 $aIX, 138 p. ;$c29 cm 440 0$aVeröffentlichungen des Antikenmuseums Basel ;$v3 650 4$aVasi funerari pugliesi$zBasilea 700 1 $aTrendall, Arthur Dale$eauthor$4http://id.loc.gov/vocabulary/relators/aut$0214760 700 1 $aCambitoglou, Alexander 907 $a.b13004736$b02-04-14$c12-07-04 912 $a991002967479707536 945 $aLE001 AR III 42 4$g1$i2001000103829$lle001$nC. 1$o-$pE0.00$q-$rl$s- $t0$u1$v0$w1$x0$y.i13614551$z12-07-04 996 $aGruppe apulischer Grabvasen in Basel$91449489 997 $aUNISALENTO 998 $ale001$b12-07-04$cm$da $e-$fger$gsz $h5$i1 LEADER 05490nam 22007935 450 001 9911006997903321 005 20251113200953.0 010 $a3-658-40967-3 024 7 $a10.1007/978-3-658-40967-8 035 $a(MiAaPQ)EBC30764500 035 $a(Au-PeEL)EBL30764500 035 $a(DE-He213)978-3-658-40967-8 035 $a(PPN)272737496 035 $a(CKB)28443809300041 035 $a(OCoLC)1401648490 035 $a(EXLCZ)9928443809300041 100 $a20230929d2023 u| 0 101 0 $ager 135 $aurcnu|||||||| 181 $ctxt$2rdacontent 182 $cc$2rdamedia 183 $acr$2rdacarrier 200 10$aEnergieträger Wasserstoff /$fvon Hartmut Frey, Kay Golze, Michael Hirscher, Michael Felderhoff 205 $a1st ed. 2023. 210 1$aWiesbaden :$cSpringer Fachmedien Wiesbaden :$cImprint: Springer Vieweg,$d2023. 215 $a1 online resource (221 pages) 225 1 $aEnergie in Naturwissenschaft, Technik, Wirtschaft und Gesellschaft,$x2366-6250 311 08$aPrint version: Frey, Hartmut Energieträger Wasserstoff Wiesbaden : Springer Fachmedien Wiesbaden GmbH,c2023 9783658409661 327 $aEnergievernetzung zwischen Wohnsiedlungen und Unternehmen -- Speichersysteme für ein CO2-freies Energiesystem -- Wasserstoffspeicherung in Feststoffen -- Erzeugung von Wasserstoff durch Solarenergie in Wüstengebieten -- Wasserstofferzeugung durch Hochtemperaturkernreaktoren -- Kritische Betrachtung der Erzeugung, Speicherung, Verteilung und Nutzung. 330 $aIn diesem Buch sind die Besonderheiten von Wasserstoff als zukünftigen Energieträger im Rahmen der nationalen Wasserstoffstrategie Deutschland von ausgewiesenen Kennern in einer bisher ungekannte Bandbreite beleuchtet. Herstellung, die Bedeutung von Speichersystemen im Energiesystem sowie tiefgehende Details bei der Materialbetrachtung von verschiedenen Oberflächenproblemen sind ergänzt durch eine kurze Übersicht über den möglichen konkreten Einsatz von Wasserstoff. Dabei wird auf Möglichkeiten eingegangen, wie vor dem Hintergrund der globalen Klimaerwärmung der Treibhausgasausstoss praxis- und bürgernah abgesenkt werden kann. Der Inhalt Charakteristika von Wasserstoff, Herstellungsverfahren, Prozesse Großflächige nachhaltige Energieerzeugung zur Produktion des Energieträgers Wasserstoffs Wasserstoffspeicher und ihre Anwendung Wie sicher ist die Nutzung von Wasserstoff? Speichertechnologienfür Wasserstoff Märkte für Wasserstoffspeicher und Bedeutung von Wasserstoff im Energiesystem und Technische Systeme für die Nutzung Wasserstoffnutzung in Gebäuden und kleinen Siedlungen Die Zielgruppen Fachleute aus Industrie, Unternehmen und Politik, Architekten, Ingenieure, Studierende und Dozenten. Die Autoren Prof. Dr. Hartmut Frey hat an der Universität Stuttgart Maschinenbau und Theoretische Physik studiert und in Plasmaphysik promoviert. Prof. Frey war Entwicklungsleiter der Leybold-Heraeus GmbH in Hanau und Köln. Er war Gastprofessor am Institut für Luftverkehr der Technischen Universität in Sofia (Bulgarien) und ist korrespondierender Professor an den Universitäten in Tomsk und Sofia. Kay Golze engagierte sich den 2010er für die Entwicklung der Elektromobilität. Im folgenden Jahrzehnt entwickelte er verschiedene Lösungen zur Anwendung von Wasserstoff im industriellem Maßstab. Als Mitglied des Wissenschaftsnetzwerk stellt er seine Analysen einer breiten Wissenschaftsgemeinde zur Verfügung, sowie anderen Wissenschaftlern und Unternehmen. Dr. Michael Hirscher ist seit 1987 wissenschaftl. Mitarbeiter am MPI für Metallforschung (jetzt Intelligente Systeme) und seit1991 Gruppenleiter "Wasserstoffspeicherung" am MPI-MF/MPI-IS Dr. Michael Felderhoff ist wissenschaftlicher Mitarbeiter am Max-Planck-Institut für Kohlenforschung in Mülheim an der Ruhr. Seit 1999 befasst er sich mit der Synthese und Charakterisierung von Metallhydriden zur Speicherung von Wasserstoff und Wärme und der Umsetzung der Ergebnisse in Demonstrationsprojekte. 410 0$aEnergie in Naturwissenschaft, Technik, Wirtschaft und Gesellschaft,$x2366-6250 606 $aHydrogen as fuel 606 $aEnergy policy 606 $aRenewable energy sources 606 $aEnergy storage 606 $aEnvironmental engineering 606 $aCivil engineering 606 $aProduction engineering 606 $aHydrogen Energy 606 $aEnergy System Transformation 606 $aRenewable Energy 606 $aMechanical and Thermal Energy Storage 606 $aEnvironmental Civil Engineering 606 $aProcess Engineering 615 0$aHydrogen as fuel. 615 0$aEnergy policy. 615 0$aRenewable energy sources. 615 0$aEnergy storage. 615 0$aEnvironmental engineering. 615 0$aCivil engineering. 615 0$aProduction engineering. 615 14$aHydrogen Energy. 615 24$aEnergy System Transformation. 615 24$aRenewable Energy. 615 24$aMechanical and Thermal Energy Storage. 615 24$aEnvironmental Civil Engineering. 615 24$aProcess Engineering. 676 $a660 700 $aFrey$b Hartmut$01824537 701 $aGolze$b Kay$01824538 701 $aHirscher$b Michael$01763936 701 $aFelderhoff$b Michael$01824539 801 0$bMiAaPQ 801 1$bMiAaPQ 801 2$bMiAaPQ 906 $aBOOK 912 $a9911006997903321 996 $aEnergieträger Wasserstoff$94391740 997 $aUNINA